000
00225nam a22000977a 4500
041
_a
eng
080
_a
80
100
_a
Васильев, В. А.
245
_a
Фонетика английского языка.
999
_c
281920
_d
281920
942
_c
BK